Weihnachtslieder durch Google Translate - Statistiken

Allgemein
  • Dieses Quiz wurde 129 mal gespielt
  • Das Durchschnittsergebnis liegt bei 7 aus 14
Antwortstatistiken
Hint Antwort % Korrekt
Eine ruhige Nacht ist eine glückliche Nacht Stille Nacht, heilige Nacht
97%
Morgen, Baby, da ist etwas Morgen, Kinder, wird's was geben
81%
Ich bin vom Himmel hierher gekommen Vom Himmel hoch, da komm ich her
70%
Der Weihnachtsofen In der Weihnachtsbäckerei
69%
Jedes neue Jahr Alle Jahre wieder
57%
Heben Sie die Tür an und die Tür öffnet sich weit Macht hoch die Tür, die Tor macht weit
56%
Auch wenn es schneit Leise rieselt der Schnee
51%
Viel Spaß und sei glücklich Lasst uns froh und munter sein
48%
Weihnachtsbaumbeleuchtung Am Weihnachtsbaum die Lichter brennen
34%
Die Blume blühte Es ist ein Ros entsprungen
34%
Komm schon Kleines Ihr Kinderlein kommet
33%
Engel singen im Garten Engel auf den Feldern singen
20%
Die Süßigkeiten sind nicht explodiert Süßer die Glocken nie klingen
18%
Ich habe meine Schafe gesehen Als ich bei meinen Schafen wacht'
11%
Keine übereinstimmenden Quizze gefunden
Verteilung der Resultate
Anzahl Personen mit jedem Resultat
Perzentil nach korrekt beantworteten Fragen
Ihre Resultats-Entwicklung
Sie haben dieses Quiz noch nicht gespielt